Enzymatic combustion of aromatic and aliphatic compounds by manganese peroxidase from nematoloma frowardii /
Đã lưu trong:
| Údair Eile: | , , , |
|---|---|
| Formáid: | Bài viết |
| Teanga: | English |
| Ábhair: | |
| Clibeanna: |
Cuir Clib Leis
Gan Chlibeanna, Bí ar an gcéad duine leis an taifead seo a chlibeáil!
|
| Thư viện lưu trữ: | Thư viện Trường Đại học Đà Lạt |
|---|
| LEADER | 01084nam a2200349 4500 | ||
|---|---|---|---|
| 001 | DLU090091246 | ||
| 005 | ##20091201 | ||
| 040 | # | # | |a DLU |b eng |
| 041 | # | # | |a eng |
| 044 | # | # | |a us |
| 245 | # | # | |a Enzymatic combustion of aromatic and aliphatic compounds by manganese peroxidase from nematoloma frowardii / |c Martin Hofrichter ... [et al.]. |
| 653 | # | # | |a Aliphatic compounds |
| 653 | # | # | |a Aromatic compounds |
| 653 | # | # | |a Cell free system |
| 653 | # | # | |a Manganese peroxidase |
| 653 | # | # | |a Mineralization |
| 653 | # | # | |a Pollutants |
| 653 | # | # | |a Xenobiotic |
| 700 | # | # | |a Fritsche, Wolfgang. |
| 700 | # | # | |a Hofrichter, Martin. |
| 700 | # | # | |a Scheibner, Katrin. |
| 700 | # | # | |a Schneegab, Ivonne. |
| 773 | # | # | |t Applied and Environmental Microbiology |g Vol. 64, no. 2 (February 1998), p. 399-404 |
| 920 | # | # | |a Phòng Tạp chí -- Trung tâm Thông tin - Thư viện Trường Đại học Đà Lạt |
| 994 | # | # | |a DLU |
| 900 | # | # | |a True |
| 911 | # | # | |a Trương Bảo Trâm Anh |
| 925 | # | # | |a G |
| 926 | # | # | |a A |
| 927 | # | # | |a BB |
| 980 | # | # | |a Thư viện Trường Đại học Đà Lạt |